Otvorili "venčovisko" na Kuzmányho

Bibliographic Details
Format: Article
Language:Slovak
PhysicalDescription:Fotogr.
ISSN:1335-4566
Subjects:

MARC

LEADER 00000nab a2200000 a 4500
001 vtls009969141
003 SK-MaSNL
005 20260304002030.0
008 091111c20091107xo drz 0 0slo
038 |a KEVKJB 
040 |a KEVKJB  |b slo  |c KEVKJB  |e AACR2 
041 0 |a slo 
044 |a xo  |c SK 
080 |a 636.7  |2 2001 
245 0 0 |a Otvorili "venčovisko" na Kuzmányho  |c [autor] (ee) 
300 |b Fotogr. 
650 0 7 |a psy  |2 kevkjb  |9 1288 
650 0 7 |a venčoviská psov  |2 kevkjb  |9 1087425 
651 7 |a Košice (Slovensko)  |2 kevkjb  |9 18694 
651 7 |a Staré Mesto (Košice I, Slovensko)  |2 kevkjb  |9 160203 
773 0 |t Košický Korzár  |g Roč. XII, č. 258 (7.11.2009), s. 2  |x 1335-4566 
852 |a KEVKJB  |b KIS3GCP 
999 |c 2539924  |d 2541854